Welcome to the Holygrace Academy Library

Please use search bar below to get started

ANSWER BOOK (Record no. 2210)

MARC details
000 -LEADER
fixed length control field 00381nam a22001457a 4500
020 ## - INTERNATIONAL STANDARD BOOK NUMBER
ISBN 978-81-920888-0-8
082 ## - DEWEY DECIMAL CLASSIFICATION NUMBER
Classification number 001
Item number THO/A
100 ## - MAIN ENTRY--AUTHOR NAME
Personal name THORNTON, KATHRYN
245 ## - TITLE STATEMENT
Title ANSWER BOOK
Remainder of title 10001 FAST FACTS ABOUT OUR WORLD
250 ## - EDITION STATEMENT
Edition statement UPDATED EDITION
260 ## - PUBLICATION, DISTRIBUTION, ETC. (IMPRINT)
Place of publication WASHINGTON DC
Name of publisher NATIONAL GEOGRAPHIC
300 ## - PHYSICAL DESCRIPTION
Number of Pages 470
650 ## - SUBJECT ADDED ENTRY--TOPICAL TERM
Topical Term GENERAL KNOWLEDGE
Geographic subdivision UNITED STATES
942 ## - ADDED ENTRY ELEMENTS (KOHA)
Koha item type Books
Holdings
Withdrawn status Lost status Collection code Home library Current library Shelving location Date acquired Source of acquisition Cost, normal purchase price Full call number Accession Number Koha item type
    Reference Main Library Main Library SHELF 1 H -DICTIONARY, ENCYCLOPEDIA 27/07/2018 purchase 2495.00 001 THO/A 10229 Books